Регионална библиотека "Любен Каравелов" - Русе

Читанка (Запис номер 4864)

MARC детайли
000 -Лидер
Контролно поле с фиксирана дължина 01827nam a2200373 c 4500
003 - Код на организацията, давaща контролен номер
Контролно поле BLK
005 - Дата и час на последна редакция
Контролно поле 20180420213900.0
008 - Елементи от данни с фиксирана дължина
fixed length control field 180412b bul|||||r ||||||| ||bul||
010 ## - Наследен системен номер
LC control number KNG00006033000
020 ## - Международен стандартен номер на книга ISBN
Международен стандартен номер на книга ISBN 954-01-0611-7
-- издат.: Просвета
040 ## - Източник на каталожния запис
Идентификатор на билиотеката - собственик на записа BLK
041 ## - Код за език
Код за езика на текст/звукозапис или на отделно заглавие Български
Код за езика КДБФ Български
080 ## - УДК
Текстов определител УДК Възпитание на деца с увредени сетива и нервна система (слепи, глухонеми, епилептици). Логопедия
УДК код - определител по УДК 376.3
УДК определител (075.2)
УДК - код + определител 376.3(075.2)
100 1# - Редна дума - Автор
Автор Балтаджиева, Ангелина Йорданова
Авторска отговорност първи автор
R(LIN) 248523
139 ## - Редно поле
Редна дума Балтаджиева, Ангелина Йорданова и др.
Авторски знак Балт - Б 24
245 10 - Сведения за заглавието
Заглавие Читанка
Подзаглавни данни За II кл. на у-щата за деца с увреден слух
Редно поле (дума) Ангелина Йорданова Балтаджиева; съавт. Магдалена Христова Мицева; съавт. Цанка Златева Попзлатева.
257 ## - Страна на издаване
Страна на създаване/издаване България
260 ## - Област на издателските данни
-- София
Име на издателя, разпространителя и проч. Просвета
Година на издаване 1994
Печатница Русе : Дунав прес
300 ## - Физическа характеристика
Страници 144 с.
Илюстрации и др. с цв. ил.
Размери/Мащаб 26 см
380 ## - Жанр
Жанр Обществени науки
500 ## - Общи забележки
Забележка Авт. не са отбелязани на кор. - 179 тир.
650 #4 - Допълнително описание по предмет – тема
Основно описание – тема или топоним Читанка - учебници за помощни училища
9 (RLIN) 248748
653 ## - Ключова дума – ненормативна
Ключова дума читанки
653 ## - Ключова дума – ненормативна
Ключова дума учебници за основни училища
653 ## - Ключова дума – ненормативна
Ключова дума ІІ кл.
653 ## - Ключова дума – ненормативна
Ключова дума помощни училища
700 1# - Други автори (авторска отговорност)
Лично име Мицева, Магдалена Христова
Автороска отговорност (Описва отношението между автора и произведението) съавт.
9 (RLIN) 248524
700 1# - Други автори (авторска отговорност)
Лично име Попзлатева, Цанка Златева
Автороска отговорност (Описва отношението между автора и произведението) съавт.
9 (RLIN) 111632
852 ## - Местоположение
Форматна сигнатура Цб 181049
856 4# - Електронен адрес и достъп
Електронен формат pdf - файл
Път до файла /url/
856 4# - Електронен адрес и достъп
Електронен формат pdf - файл
Път до файла /url/
942 ## - АРТИКУЛИ
Вид на библиотечния материал Книги
Скрит в OPAC Не
944 ## - СЪЗДАВАНЕ И РЕДАКЦИЯ на ЗАПИСА
Създаване/Редакция Създаване
Дата на регистрацията/редакция 15.01.2003
Служител, извършил регистрацията/редакцията Виолета_Тройчева
944 ## - СЪЗДАВАНЕ И РЕДАКЦИЯ на ЗАПИСА
Създаване/Редакция Редакция
Дата на регистрацията/редакция 06.06.2012
Служител, извършил регистрацията/редакцията
999 ## - СИСТЕМНИ КОНТРОЛНИ НОМЕРА
Koha biblionumber 4864
Koha biblioitemnumber 4864
Наличности
Код за отписване Код за изгубен артикул Източник на класификационната схема Код за повреда Коз за рестрикции Код за отдаване Артикулен № Име на библиотеката - собственик Име на библиотеката, в която се намира в момента Статус (Текущо местоположение) Дата на вписване в системата Местоположение - отдел Цена в лева Инвентарен номер Систематично азбучна сигнатура Баркод Номер на екземпляра Цена в евро Служебна бележка Служебен тип на артикула
  Не е изгубен Universal Decimal Classification Не е повреден без рестрикции ползва се в читалня 8611 Регионална библиотека "Любен Каравелов" Русе Регионална библиотека "Любен Каравелов" Русе Хранилище 1994-01-01 Хранилище 0.00 610264 Цб 181049 120000610264 1 0.00 Дост: Dp Вид: Д N: стар фонд Дата: 01.01.1994 Дата инв: 25.02.2015 Бележки инв: Цб2015 Книги
Изтеглен Не е изгубен Universal Decimal Classification Не е повреден без рестрикции заемане за дома 8612 Регионална библиотека "Любен Каравелов" Русе Регионална библиотека "Любен Каравелов" Русе Детски отдел 1994-01-01 Детски отдел 0.01 610300 ДН 376.3/Б 24 610300 2 0.01 Дост: Pk Вид: Ф N: стар фонд Дата: 01.01.1994 Дата инв: 20.08.2015 Бележки инв: Д2015 Книги
Vip Innovations Ltd, Rousse, Bulgaria 2025